Modrá ekonomika a jej vývojové trendy

Autor predkladá historické korene modrej ekonomiky, poukazuje na rozdiely medzi ekonomikou modrou a zelenou a primárne sa sústreďuje na podrobný rozbor Správy Rímskemu klubu (1972), ktorá slúži ako podklad pre ďalšie teoretické uvažovanie v smere vývoja modrej ekonomiky. V nadväznosti na to, prezent...

ver descrição completa

Na minha lista:
Detalhes bibliográficos
Autor principal: Dziura, Boris, 1976-
Formato: Capítulo de Livro
Idioma:eslovaco
Assuntos:
Tags: Adicionar Tag
Sem tags, seja o primeiro a adicionar uma tag!

MARC

LEADER 00000nla a2200000 4500
001 0199039
005 20240502073349.6
041 0 |a slo 
044 |a SK 
245 1 0 |a Modrá ekonomika a jej vývojové trendy  |c Boris Dziura 
520 |a Autor predkladá historické korene modrej ekonomiky, poukazuje na rozdiely medzi ekonomikou modrou a zelenou a primárne sa sústreďuje na podrobný rozbor Správy Rímskemu klubu (1972), ktorá slúži ako podklad pre ďalšie teoretické uvažovanie v smere vývoja modrej ekonomiky. V nadväznosti na to, prezentuje svoj pohľad na celkové dielo Guntera Pauliho, ktorý je vnímaný ako zakladateľ modrej ekonomiky. 
610 2 0 |a teórie ekonomické 
610 2 0 |a rozvoj trvalo udržateľný 
100 1 |a Dziura, Boris, 1976-